000 00492nja a2200193 a 4500
003 BLK
005 20180414204522.0
008 180414c bul|r|ner|||| 00| c0bul d
010 _aNOT00003152008
040 _aBLK
245 1 0 _aНар. песенка
246 1 1 _aVolksliedchen
257 _aRUS
380 _a7
773 _0316156
_9669003
_tАльбом для юнашества
852 _aЦб М ІІ 11807
942 _cNOT
_n0
944 _aCR
_c23.03.2010
_kИрена_Линкова
944 _aED
_c23.03.2010
_k
999 _c316164
_d316164